| 000 | 01540cam a22003254a 4500 | ||
|---|---|---|---|
| 001 | 13868711 | ||
| 003 | OSt | ||
| 005 | 20230620145851.0 | ||
| 008 | 050211s2005 enk b 001 0 eng | ||
| 010 | _a 2005004125 | ||
| 020 | _a0754644863 (alk. paper) | ||
| 040 |
_aDLC _cDLC _dDLC |
||
| 042 | _apcc | ||
| 082 | 0 | 0 |
_a323.01 _bERM |
| 100 | 1 | _aErman, Eva. | |
| 245 | 1 | 0 |
_aHuman rights and democracy : _bdiscourse theory and global rights institutions / _cby Eva Erman. |
| 260 |
_aAldershot, Hampshire ; _aBurlington, VT, USA : _bAshgate, _cc2005. |
||
| 300 |
_a243 p. ; _c24 cm. |
||
| 500 | _aRevision of the author's thesis (doctoral) originally presented under the title: Action and institution. | ||
| 504 | _aIncludes bibliographical references (p. [231]-238) and index. | ||
| 505 | 0 | _aThe interdependence of human rights and democracy -- The absence of political rights in the rights discourse -- A discourse theory based on action rules of language -- Legitimizing rights through democratic means -- Towards an institutional design -- The reflexive use of rights. | |
| 650 | 0 | _aHuman rights. | |
| 650 | 0 | _aDemocracy. | |
| 650 | 0 | _aDiscourse analysis. | |
| 700 | 1 |
_aErman, Eva. _tAction and institution. |
|
| 856 | 4 | 1 |
_3Table of contents _uhttp://www.loc.gov/catdir/toc/ecip058/2005004125.html |
| 906 |
_a7 _bcbc _corignew _d1 _eecip _f20 _gy-gencatlg |
||
| 942 |
_2ddc _cBK |
||
| 999 |
_c1827 _d1827 |
||